| 000 | 01710nam a2200289Ia 4500 | ||
|---|---|---|---|
| 999 |
_c49376 _d49376 |
||
| 001 | 16293 | ||
| 003 | GE_BSU | ||
| 005 | 20211125135401.0 | ||
| 008 | 181216s2009||||ge |||||||||||||| ||geo|| | ||
| 020 | _a9789941908590 | ||
| 040 | _cGE_BSU | ||
| 041 | _ageo | ||
| 080 | _a341.231.14 ტ-77 | ||
| 100 |
_aტრექსელი, შტეფან _913047 |
||
| 245 |
_aადამიანის უფლებები სისხლის სამართლის პროცესში _c შტეფან ტრექსელი სარა ჯ. სამერსის დახმარებით ; [მთარგმნ.: ვანო გოგელია [და სხვ.] ; სარედ. კოლ.: კონსტანტინე ვარძელაშვილი [და სხვ.]]. |
||
| 264 |
_aთბილისი : _bსაქ. საკონსტიტუციო სასამართლო, _c2009. |
||
| 300 |
_a639 გვ.; _b24 სმ. |
||
| 504 | _aბიბლიოგრ. ტექსტ. შენიშვნ. | ||
| 541 | _h35ლ. | ||
| 653 | _a ადამიანის უფლებები | ||
| 653 | _a სისხლის სამართლის პროცესი | ||
| 700 |
_aსამერსი, სარა ჯ. _eავტორი _913048 |
||
| 700 |
_aგოგელია, ვანო _eმთარგმნელი _913049 |
||
| 700 |
_aლომთათიძე, ეკა და სხვ. _eმთარგმნელი _913050 |
||
| 700 |
_aვარძელაშვილი, კონსტანტინე და სხვ. _eრედაქტორი _913051 |
||
| 942 |
_cBK _2udc |
||